| 000 | 00770cam a22002413a 4500 | ||
|---|---|---|---|
| 001 | 17777 | ||
| 003 | PGUSA | ||
| 005 | 20140828083359.0 | ||
| 008 | 060216s2006||||xxu|||||s|||||000 | eng d | ||
| 040 |
_aPGUSA _beng |
||
| 042 | _adc | ||
| 050 | 4 | _aTA | |
| 100 | 1 | _aKlapp, Eugene | |
| 245 | 1 | 0 |
_aTransactions of the American Society of Civil Engineers, vol. LXX, Dec. 1910 : _bReinforced Concrete Pier Construction _h[electronic resource] / _cEugene Klapp |
| 260 |
_bProject Gutenberg, _c2006 |
||
| 506 | _aPublic domain in the USA. | ||
| 516 | _aElectronic text | ||
| 653 | _aPiers -- Design and construction | ||
| 653 | _aCivil engineering -- Periodicals | ||
| 830 | 0 |
_aProject Gutenberg _v17777 |
|
| 856 | 4 | 0 | _uhttp://www.gutenberg.org/ebooks/17777 |
| 942 | _cEB | ||
| 999 |
_c247032 _d247032 |
||